| 000 | 00542nam a2200217Ia 4500 | ||
|---|---|---|---|
| 001 | 14277 | ||
| 003 | GE_BSU | ||
| 008 | 181216s||||||||xx |||||||||||||| ||und|| | ||
| 040 | _cGE_BSU | ||
| 080 | _a61 | ||
| 100 | _aWheatley,Michael | ||
| 245 | 2 | _aA way of Living as a Means of Surival | |
| 245 | 3 | _bAn Enclopedia of natural Health | |
| 260 | _aLondon | ||
| 260 | _bCorgi books | ||
| 260 | _c1977 | ||
| 300 | _a380p.18cm. | ||
| 653 | _aA way of Living as a Means of Surival | ||
| 653 | _aAn Enclopedia of natural Health | ||
| 942 | _cBK | ||
| 999 |
_c47415 _d47415 |
||